| 000 | 01033cam a2200265 4500 | ||
|---|---|---|---|
| 008 | 020325n2002 000 0 eng u | ||
| 020 | _a0750655119 | ||
| 035 | _a(Sirsi) u117220 | ||
| 041 | _aeng. | ||
| 050 | _a690.241 | ||
| 100 | _aJokilehto, J. | ||
| 245 | 2 | _aA history of architectural conservation | |
| 250 | _a2nd ed. | ||
| 260 |
_aOxford _bButterworth-Heineman _c2002 |
||
| 300 |
_axiv,354p. _bill. _c25cm. |
||
| 350 | _a29.99 | ||
| 520 | _aLooks at the history and theory of architectural conservation of ancient monuments, works of art and historic buildings. Covers the origins of the interest in conservation, within the European context, and the development of the concepts from Antiquity, through the Renaissance, to the present day. | ||
| 650 | _aHISTORIC BUILDINGS | ||
| 650 | _aRESTORATION | ||
| 650 | _aANTIQUITIES | ||
| 650 | _aANCIENT MONUMENTS | ||
| 650 | _aARCHITECTURAL CONSERVATION | ||
| 690 | _aBUILT ENVIRONMENT-BUILDING MAINTENANCE AND REFURBISHMENT-BUILDING CONSERVATION | ||
| 942 | _n0 | ||
| 999 |
_c101962 _d101962 |
||